Electricity can kill [ video cassette] (Record no. 292742)
[ view plain ]
| 000 -LEADER | |
|---|---|
| fixed length control field | 00284 a2200121 4500 |
| 001 - CONTROL NUMBER | |
| control field | 57669 |
| 082 ## - DEWEY DECIMAL CLASSIFICATION NUMBER | |
| Classification number | 80305 |
| 090 ## - LOCALLY ASSIGNED LC-TYPE CALL NUMBER (OCLC); LOCAL CALL NUMBER (RLIN) | |
| -- | 35350 |
| -- | 35350 |
| 100 ## - MAIN ENTRY--PERSONAL NAME | |
| Personal name | Delmar |
| 245 ## - TITLE STATEMENT | |
| Title | Electricity can kill [ video cassette] |
| 260 ## - PUBLICATION, DISTRIBUTION, ETC. | |
| Name of publisher, distributor, etc. | Delmer thomson learning |
| 500 ## - GENERAL NOTE | |
| General note | CD/DVD video cassette |
| 942 ## - ADDED ENTRY ELEMENTS (KOHA) | |
| Institution code [OBSOLETE] | NUST-CAE |
| Call number prefix | 80305 |
| Withdrawn status | Lost status | Damaged status | Not for loan | Collection code | Permanent Location | Current Location | Date acquired | Total Checkouts | Full call number | Barcode | Date last seen | Price effective from | Koha item type |
|---|---|---|---|---|---|---|---|---|---|---|---|---|---|
| College of Aeronautical Engineering (CAE) | College of Aeronautical Engineering (CAE) | 04/03/2017 | 80305 | CAE80305 | 04/05/2017 | 04/05/2017 | Book |
